<?xml version="1.0" encoding="UTF-8"?>
<record
    xmlns:xsi="http://www.w3.org/2001/XMLSchema-instance"
    xsi:schemaLocation="http://www.loc.gov/MARC21/slim http://www.loc.gov/standards/marcxml/schema/MARC21slim.xsd"
    xmlns="http://www.loc.gov/MARC21/slim">

  <leader>02506nam a2200385 i 4500</leader>
  <controlfield tag="003">DO-SdBNP</controlfield>
  <controlfield tag="005">20260417110819.0</controlfield>
  <controlfield tag="007">ta</controlfield>
  <controlfield tag="008">210615b  2018 dr 00| 0 eng d</controlfield>
  <datafield tag="020" ind1=" " ind2=" ">
    <subfield code="a">9789945168600</subfield>
  </datafield>
  <datafield tag="040" ind1=" " ind2=" ">
    <subfield code="a">DO-SdBNP</subfield>
    <subfield code="b">spa</subfield>
    <subfield code="c">BNPHU</subfield>
    <subfield code="e">rda</subfield>
  </datafield>
  <datafield tag="041" ind1=" " ind2=" ">
    <subfield code="a">spa</subfield>
  </datafield>
  <datafield tag="082" ind1=" " ind2="4">
    <subfield code="a">327.7293</subfield>
    <subfield code="b">M828d 2018</subfield>
    <subfield code="2">22</subfield>
  </datafield>
  <datafield tag="100" ind1="1" ind2=" ">
    <subfield code="a">Morales Lama, Manuel,</subfield>
    <subfield code="e">autor</subfield>
    <subfield code="4">aut.</subfield>
    <subfield code="9">2998</subfield>
  </datafield>
  <datafield tag="245" ind1="1" ind2="0">
    <subfield code="a">Diplomacia contempor&#xE1;nea :</subfield>
    <subfield code="b">teor&#xED;a y pr&#xE1;ctica para el ejercicio profesional /</subfield>
    <subfield code="c">Manuel Morales Lama ; pr&#xF3;logo, D. Ricardo Koeing.</subfield>
  </datafield>
  <datafield tag="250" ind1=" " ind2=" ">
    <subfield code="a">decima segunda edici&#xF3;n</subfield>
  </datafield>
  <datafield tag="264" ind1=" " ind2="1">
    <subfield code="a">Santo Domingo :</subfield>
    <subfield code="b">Morales &amp; Vicens ; </subfield>
    <subfield code="c">2018.</subfield>
  </datafield>
  <datafield tag="300" ind1=" " ind2=" ">
    <subfield code="a">xxxiii, 579 p&#xE1;ginas :</subfield>
    <subfield code="b">ilustraciones ;</subfield>
    <subfield code="c">24 cm.</subfield>
  </datafield>
  <datafield tag="336" ind1=" " ind2=" ">
    <subfield code="a">texto</subfield>
    <subfield code="b">txt</subfield>
    <subfield code="2">rdacontent</subfield>
  </datafield>
  <datafield tag="337" ind1=" " ind2=" ">
    <subfield code="a">sin mediaci&#xF3;n</subfield>
    <subfield code="b">n</subfield>
    <subfield code="2">rdamediaci&#xF3;n</subfield>
  </datafield>
  <datafield tag="338" ind1=" " ind2=" ">
    <subfield code="a">volumen</subfield>
    <subfield code="b">nc</subfield>
    <subfield code="2">rdacarrier</subfield>
  </datafield>
  <datafield tag="500" ind1=" " ind2=" ">
    <subfield code="a">Incluye &#xED;ndice an&#xE1;l&#xED;tico</subfield>
  </datafield>
  <datafield tag="500" ind1=" " ind2=" ">
    <subfield code="a">Incluye referencias bibliogr&#xE1;ficas y notas al pie de las p&#xE1;ginas</subfield>
  </datafield>
  <datafield tag="504" ind1=" " ind2=" ">
    <subfield code="a">Bibliograf&#xED;a : p&#xE1;ginas 547-562</subfield>
  </datafield>
  <datafield tag="505" ind1="0" ind2=" ">
    <subfield code="a">Conceptos b&#xE1;sicos -- Or&#xED;genes y evoluci&#xF3;n de la diplomacia -- Ejecutores centrales de la pol&#xED;tica exterior de los Estados -- El servicio exterior -- La misi&#xF3;n diplom&#xE1;tica permanente -- La funci&#xF3;n diplom&#xE1;tica -- La concertaci&#xF3;n de tratados -- Estil&#xED;stica diplom&#xE1;tica -- Ceremonial y protocolo --  La nueva realidad  diplom&#xE1;tica  -- Glosario de locuciones y t&#xE9;rmino latinos y franceses -- Normas protocolares y de etiqueta social -- Relaci&#xF3;n de las condecoraciones en los diversos pa&#xED;ses del mundo -- Aspecto pr&#xE1;cticos de la correspondencia diplom&#xE1;tica -- Planos sobre el uso de la bandera -- Planos de aplicaci&#xF3;n de la precedencia -- La protecci&#xF3;n  diplom&#xE1;tica: su validez y alcance en el escenario internacional contemp&#xF3;neo -- Convenci&#xF3;n de Viena sobre relaciones diplom&#xE1;ticas -- Convenci&#xF3;n de Viena sobre relaciones consulares -- Carta de derechos y deberes econ&#xF3;micos de los Estados -- Ley Org&#xE1;nica del ministerio de relaciones exteriores y del servicio exterior de la Rep&#xFA;blica Dominicana -- Ley sobre funciones p&#xFA;blicas de los c&#xF3;nsules dominicanos.</subfield>
  </datafield>
  <datafield tag="586" ind1=" " ind2=" ">
    <subfield code="a">Premio Nacional de Did&#xE1;ctica.</subfield>
  </datafield>
  <datafield tag="590" ind1=" " ind2=" ">
    <subfield code="a">Inventariado, 2021 /LP</subfield>
  </datafield>
  <datafield tag="650" ind1=" " ind2="4">
    <subfield code="a">Diplomacia</subfield>
    <subfield code="9">398</subfield>
  </datafield>
  <datafield tag="650" ind1=" " ind2="4">
    <subfield code="a">Documentos consulares</subfield>
    <subfield code="9">6528</subfield>
  </datafield>
  <datafield tag="651" ind1=" " ind2="4">
    <subfield code="a">Rep&#xFA;blica Dominicana</subfield>
    <subfield code="x">Servicio diplom&#xE1;tico y consular</subfield>
    <subfield code="9">3000</subfield>
  </datafield>
  <datafield tag="651" ind1=" " ind2="4">
    <subfield code="a">Rep&#xFA;blica Dominicana</subfield>
    <subfield code="x">Relaciones  exteriores</subfield>
    <subfield code="9">2258</subfield>
  </datafield>
  <datafield tag="700" ind1="1" ind2=" ">
    <subfield code="a">Koeing, D. Ricardo, </subfield>
    <subfield code="e">prologuista</subfield>
    <subfield code="9">17212</subfield>
  </datafield>
  <datafield tag="910" ind1=" " ind2=" ">
    <subfield code="a">Validado. Control de calidad MFF</subfield>
  </datafield>
  <datafield tag="942" ind1=" " ind2=" ">
    <subfield code="2">ddc</subfield>
    <subfield code="c">LBS1</subfield>
  </datafield>
  <datafield tag="952" ind1=" " ind2=" ">
    <subfield code="0">0</subfield>
    <subfield code="1">0</subfield>
    <subfield code="2">ddc</subfield>
    <subfield code="5">1</subfield>
    <subfield code="7">0</subfield>
    <subfield code="8">PD</subfield>
    <subfield code="a">BNPHU</subfield>
    <subfield code="b">BNPHU</subfield>
    <subfield code="c">HD</subfield>
    <subfield code="d">2021-06-15</subfield>
    <subfield code="e">Dep&#xF3;sito Legal </subfield>
    <subfield code="l">0</subfield>
    <subfield code="o">BNPHU PD 327.7293 M828d 2018</subfield>
    <subfield code="p">2021-2034</subfield>
    <subfield code="r">2021-06-15</subfield>
    <subfield code="w">2021-06-15</subfield>
    <subfield code="y">LBS1</subfield>
  </datafield>
  <datafield tag="952" ind1=" " ind2=" ">
    <subfield code="0">0</subfield>
    <subfield code="1">0</subfield>
    <subfield code="2">ddc</subfield>
    <subfield code="5">1</subfield>
    <subfield code="7">0</subfield>
    <subfield code="8">PD</subfield>
    <subfield code="a">BNPHU</subfield>
    <subfield code="b">BNPHU</subfield>
    <subfield code="c">HD</subfield>
    <subfield code="d">2021-06-15</subfield>
    <subfield code="e">Dep&#xF3;sito Legal </subfield>
    <subfield code="l">0</subfield>
    <subfield code="o">BNPHU PD 327.7293 M828d 2018</subfield>
    <subfield code="p">2021-2035</subfield>
    <subfield code="r">2021-06-15</subfield>
    <subfield code="t">e. 2 </subfield>
    <subfield code="w">2021-06-15</subfield>
    <subfield code="y">LBS1</subfield>
  </datafield>
  <datafield tag="952" ind1=" " ind2=" ">
    <subfield code="0">0</subfield>
    <subfield code="1">0</subfield>
    <subfield code="2">ddc</subfield>
    <subfield code="5">6</subfield>
    <subfield code="7">0</subfield>
    <subfield code="8">DS</subfield>
    <subfield code="a">BNPHU</subfield>
    <subfield code="b">BNPHU</subfield>
    <subfield code="c">HD</subfield>
    <subfield code="d">2021-06-15</subfield>
    <subfield code="e">Dep&#xF3;sito Legal </subfield>
    <subfield code="l">0</subfield>
    <subfield code="o">BNPHU DS 327.7293 M828d 2018</subfield>
    <subfield code="p">2021-2036</subfield>
    <subfield code="r">2021-06-15</subfield>
    <subfield code="t">e. 3</subfield>
    <subfield code="w">2021-06-15</subfield>
    <subfield code="y">LBS1</subfield>
  </datafield>
  <datafield tag="999" ind1=" " ind2=" ">
    <subfield code="c">49919</subfield>
    <subfield code="d">49919</subfield>
  </datafield>
</record>
